000 00667nam a2200253Ia 4500
003 OSt
005 20220927105319.0
006 a|||||r|||| 00| 0
007 ta
008 220926b |||||||| |||| 00| 0 eng d
024 _a175863
037 _cReference Collections
040 _aRTL
_cRTL
_beng
041 _2eng
_aeng
082 _a"X72:8F:(Z), M8"
100 _aMehrotra H C
_9371628
245 0 _aIncome tax law and accounts
250 _a25
260 _aAgra
_bSahitya Bhawan
_c1988
300 _a626p
_ccm.
500 _aAppendix P I-IV
942 _h"X72:8F:(Z), M8"
_cCC
999 _c691767
_d691767